Európa a cestovný ruch

Cestovný ruch v EÚ - významný faktor zamestnanosti, stimulovania hospodárskeho rastu, regionálneho rozvoja a tým aj lepšej súdržnosti vnútorného trhu. Cestovný ruch a Maastrichtská zmluva. Stratégia EÚ v cestovnom ruchu. Udržateľný rozvoj cestovného ruchu. Cestovný ruch ako zdroj pracovných príležit...

ver descrição completa

Na minha lista:
Detalhes bibliográficos
Autor principal: Gúčik, Marián
Formato: Capítulo de Livro
Idioma:eslovaco
Assuntos:
Tags: Adicionar Tag
Sem tags, seja o primeiro a adicionar uma tag!

MARC

LEADER 00000naa$a2200000$$$4500
001 0025150
005 20231006120715.2
041 0 |a slo 
044 |a SK 
245 1 0 |a Európa a cestovný ruch  |c Marián Gúčik 
520 |a Cestovný ruch v EÚ - významný faktor zamestnanosti, stimulovania hospodárskeho rastu, regionálneho rozvoja a tým aj lepšej súdržnosti vnútorného trhu. Cestovný ruch a Maastrichtská zmluva. Stratégia EÚ v cestovnom ruchu. Udržateľný rozvoj cestovného ruchu. Cestovný ruch ako zdroj pracovných príležitostí. Spoločná politika cestovného ruchu. 
610 2 0 |a Európa 
610 2 0 |a Európska únia 
610 2 0 |a ruch cestovný 
610 2 0 |a politika ruchu cestovného 
610 2 0 |a príležitosť pracovná 
100 1 |a Gúčik, Marián